| 000 | 00759nam a22002297a 4500 | ||
|---|---|---|---|
| 003 | DO-SdBNP | ||
| 005 | 20171130095016.0 | ||
| 008 | 171115b 1991 sp ||||| |||| 00| 0 spa d | ||
| 020 | _a8479690577 | ||
| 040 |
_aBPMSU _bspa _cBPMSU |
||
| 092 |
_axxxx _bxxxx |
||
| 100 | 1 | _a Zayas y Sotomayor, María de | |
| 245 | 1 | 0 |
_aNovelas ejemplares y amorosas 1 / _cMaría de Zayas y Sotomayor. |
| 260 |
_aMadrid : _bAlianza Editorial, _bEl Sol, _c1991. |
||
| 300 |
_a95 p. ; _c19 cm. |
||
| 490 | 1 |
_aBiblioteca de El Sol _v49 |
|
| 505 | 0 |
_tCastigo de la miseria -- _tFuerza del amor -- _tPrevenido engañado -- |
|
| 830 | 0 |
_aBiblioteca de El Sol _v49 |
|
| 942 |
_2ddc _cBK |
||
| 945 | _aInventariado extranjero /2017 BT | ||
| 956 |
_aLOPEREZ _b10 _c20171114 _d0041 |
||
| 999 |
_c12894 _d12894 |
||